| 000 | 00821cam a22002533a 4500 | ||
|---|---|---|---|
| 001 | 25467 | ||
| 003 | PGUSA | ||
| 005 | 20140828083540.0 | ||
| 008 | 080514s2008||||xxu|||||s|||||000 | eng d | ||
| 040 |
_aPGUSA _beng |
||
| 042 | _adc | ||
| 050 | 4 | _aPZ | |
| 100 | 1 | _aBrown, Maggie | |
| 245 | 1 | 2 |
_aA Big Temptation _h[electronic resource] / _cMaggie Brown |
| 260 |
_bProject Gutenberg, _c2008 |
||
| 505 | 0 | _aA big temptation / by L.T. Meade -- The other Carews / by M.B. Manwell -- Kurus : the king of the cannibal islands / by Maggie Browne. | |
| 506 | _aPublic domain in the USA. | ||
| 516 | _aElectronic text | ||
| 653 | _aChildren's stories | ||
| 700 | 1 |
_aDixon, Arthur A. _q(Arthur Augustus), _d1872-1959 |
|
| 830 | 0 |
_aProject Gutenberg _v25467 |
|
| 856 | 4 | 0 | _uhttp://www.gutenberg.org/ebooks/25467 |
| 942 | _cEB | ||
| 999 |
_c254722 _d254722 |
||